[Event "Barcelona Sant Marti op-B 21st"]
[Site "Barcelona"]
[Date "2019.07.17"]
[Round "5"]
[White "Orts Gonzalez, Rafael"]
[Black "Cassi Gimeno, Jordi"]
[Result "1/2-1/2"]
[WhiteElo "1024"]
[BlackElo "1387"]
[PlyCount "71"]
[EventDate "2019.07.13"]
[EventType "swiss"]
[EventRounds "9"]
[EventCountry "ESP"]
[SourceTitle "EXT 2020"]
[Source "ChessBase"]
[SourceDate "2019.10.17"]
[SourceVersion "1"]
[SourceVersionDate "2019.10.17"]
[SourceQuality "1"]

1. d4 e5 2. d5 Nf6 3. c4 h6 4. e3 Bb4+ 5. Bd2 Qe7 6. Qa4 Bxd2+ 7. Nxd2 c6 8. e4 d6 9. Bd3 0-0 10. Ngf3 Bd7 11. b4 cxd5 12. b5 dxe4 13. Nxe4 Bf5 14. Qc2 Nbd7 15. Nxf6+ Nxf6 16. Bxf5 e4 17. Nd4 Qe5 18. 0-0-0 d5 19. cxd5 g6 20. Bh3 Nxd5 21. Qe2 f5 22. Qb2 Rac8+ 23. Nc2 Qe6 24. Rde1 Rc4 25. Kb1 Rfc8 26. Rc1 e3 27. f3 e2 28. Rhe1 Qe7 29. g4 Nc3+ 30. Ka1 Na4 31. Qb3 Qe5+ 32. Kb1 Nc3+ 33. Kb2 Nxb5+ 34. Kb1 Nc3+ 35. Ka1 Nd1+ 36. Kb1 1/2-1/2

[Event "Barcelona Sant Marti op-B 20th"]
[Site "Barcelona"]
[Date "2018.07.21"]
[Round "9"]
[White "Cassi Gimeno, Jordi"]
[Black "Rodriguez Gonzalez, Feliciano"]
[Result "1-0"]
[WhiteElo "1464"]
[BlackElo "1403"]
[PlyCount "85"]
[EventDate "2018.07.13"]
[EventType "swiss"]
[EventRounds "9"]
[EventCountry "ESP"]
[SourceTitle "EXT 2019"]
[Source "ChessBase"]
[SourceDate "2018.10.10"]
[SourceVersion "1"]
[SourceVersionDate "2018.10.10"]
[SourceQuality "1"]

1. e4 c5 2. Nf3 d6 3. d4 cxd4 4. Nxd4 Nf6 5. Nc3 a6 6. Bd3 g6 7. Nde2 Nc6 8. Be3 e5 9. Nd5 Nxd5 10. exd5 Qa5+ 11. Nc3 Ne7 12. Qf3 f5 13. Qd1 Nxd5 14. Bd2 Nxc3 15. Bxc3 Qd8 16. Qe2 Bg7 17. f4 Qe7 18. fxe5 Bxe5 19. 0-0-0 Bf4+ 20. Kb1 Qxe2 21. Bxe2 Be5 22. Rxd6 Bxc3 23. bxc3 Ke7 24. Rb6 Rd8 25. Bf3 Rb8 26. Re1+ Kd7 27. c4 Kc7 28. c5 Bd7 29. Re7 Re8 30. Rxh7 Re5 31. Rxg6 Rxc5 32. g4 Rb5+ 33. Kc1 Rb6 34. Rxb6 Kxb6 35. Rxd7 fxg4 36. Bxg4 Kc6 37. Rd3 Rf8 38. Rd1 Kc5 39. Rh1 Kc4 40. Kb2 a5 41. h4 b5 42. h5 b4 43. Be2+ 1-0

[Event "Barcelona Sant Marti op-B 20th"]
[Site "Barcelona"]
[Date "2018.07.20"]
[Round "8"]
[White "Corominas Garrido, Jordi"]
[Black "Cassi Gimeno, Jordi"]
[Result "1-0"]
[WhiteElo "1853"]
[BlackElo "1464"]
[PlyCount "69"]
[EventDate "2018.07.13"]
[EventType "swiss"]
[EventRounds "9"]
[EventCountry "ESP"]
[SourceTitle "EXT 2019"]
[Source "ChessBase"]
[SourceDate "2018.10.10"]
[SourceVersion "1"]
[SourceVersionDate "2018.10.10"]
[SourceQuality "1"]

1. c4 e5 2. Nc3 Nc6 3. g3 f5 4. Bg2 Bc5 5. e3 d6 6. Nge2 Nge7 7. a3 a6 8. 0-0 0-0 9. b4 Ba7 10. Bb2 Ng6 11. Nd5 Nce7 12. d4 c6 13. Nxe7+ Qxe7 14. f4 e4 15. Qd2 d5 16. cxd5 cxd5 17. Rfc1 Be6 18. Rc3 Rac8 19. Rac1 Rxc3 20. Rxc3 Rc8 21. Rxc8+ Bxc8 22. Qc2 Bd7 23. Qc7 Bc6 24. Qc8+ Qf8 25. Qc7 Qe7 26. Qc8+ Qf8 27. Qxf8+ Kxf8 28. Nc3 Ne7 29. a4 Bd7 30. b5 a5 31. Ba3 Be6 32. Bd6 Bb6 33. Bh3 h5 34. Bxf5 Bxf5 35. Nxd5 1-0

[Event "Barcelona Sant Marti op-B 20th"]
[Site "Barcelona"]
[Date "2018.07.19"]
[Round "7"]
[White "Cassi Gimeno, Jordi"]
[Black "Guerrero Baez, Indira"]
[Result "1/2-1/2"]
[WhiteElo "1464"]
[BlackElo "1300"]
[PlyCount "97"]
[EventDate "2018.07.13"]
[EventType "swiss"]
[EventRounds "9"]
[EventCountry "ESP"]
[SourceTitle "EXT 2019"]
[Source "ChessBase"]
[SourceDate "2018.10.10"]
[SourceVersion "1"]
[SourceVersionDate "2018.10.10"]
[SourceQuality "1"]

1. e4 c5 2. Nf3 Nc6 3. d4 cxd4 4. Nxd4 g6 5. Nc3 Bg7 6. Be3 Nf6 7. f3 Qb6 8. Rb1 Nxe4 9. Nce2 Nf6 10. Qd2 Qd8 11. Bh6 0-0 12. Bxg7 Kxg7 13. Qg5 Qa5+ 14. Qxa5 Nxa5 15. Nc3 d5 16. b3 Bd7 17. Bd3 a6 18. Nd1 Nc6 19. Nxc6 Bxc6 20. Kd2 e5 21. Nf2 Rad8 22. Kc1 e4 23. Be2 Nh5 24. Nh3 f5 25. f4 d4 26. g3 d3 27. Bxh5 gxh5 28. cxd3 exd3 29. Rd1 Rfe8 30. Rd2 Re2 31. Ng1 Re1+ 32. Rd1 d2+ 33. Kb2 Rde8 34. Kc3 Rxd1 35. Rxd1 Re1 36. Kxd2 Rxd1+ 37. Kxd1 Kh6 38. Kd2 h4 39. Ke3 hxg3 40. hxg3 Kh5 41. Kf2 Kg4 42. Ne2 Bf3 43. Nd4 Be4 44. a3 Kh5 45. b4 Kg6 46. Ke3 Kf6 47. Ne2 Ke6 48. Kd4 Kd6 49. Nc3 1/2-1/2

[Event "Barcelona Sant Marti op-B 20th"]
[Site "Barcelona"]
[Date "2018.07.13"]
[Round "1"]
[White "Cassi Gimeno, Jordi"]
[Black "Lopez Nadal, Alex"]
[Result "0-1"]
[WhiteElo "1464"]
[BlackElo "1794"]
[PlyCount "80"]
[EventDate "2018.07.13"]
[EventType "swiss"]
[EventRounds "9"]
[EventCountry "ESP"]
[SourceTitle "EXT 2019"]
[Source "ChessBase"]
[SourceDate "2018.10.10"]
[SourceVersion "1"]
[SourceVersionDate "2018.10.10"]
[SourceQuality "1"]

1. e4 c5 2. Nf3 Nc6 3. d4 cxd4 4. Nxd4 g6 5. Nxc6 bxc6 6. Bc4 Bg7 7. 0-0 Bb7 8. Qf3 Nf6 9. Nc3 0-0 10. Bd3 d5 11. Re1 d4 12. Ne2 e5 13. Ng3 Qd6 14. Bd2 a5 15. Qe2 Nd7 16. Rf1 a4 17. f4 f6 18. f5 g5 19. a3 c5 20. Bc4+ Kh8 21. Nh5 Ba6 22. Bxa6 Qxa6 23. Qg4 Rg8 24. Nxg7 Rxg7 25. Rf3 Qe2 26. Be1 Qxc2 27. Bf2 Qxb2 28. Rf1 c4 29. h4 gxh4 30. Qxh4 Rag8 31. Rg3 Rxg3 32. Bxg3 c3 33. Kh2 d3 34. Qh6 Qe2 35. Rf2 Qxf2 36. Bxf2 d2 37. Bh4 Rf8 38. Qh5 c2 39. Qe2 d1Q 40. Qb5 c1Q 0-1

[Event "Barcelona Sant Marti op-B 17th"]
[Site "Barcelona"]
[Date "2015.07.19"]
[Round "7"]
[White "Cassi Gimeno, Jordi"]
[Black "Bienvenido Kleque, Jose"]
[Result "1/2-1/2"]
[WhiteElo "1747"]
[BlackElo "1717"]
[PlyCount "59"]
[EventDate "2015.07.13"]
[EventType "swiss"]
[EventRounds "9"]
[EventCountry "ESP"]
[SourceTitle "EXT 2016"]
[Source "ChessBase"]
[SourceDate "2015.10.08"]
[SourceVersion "1"]
[SourceVersionDate "2015.10.08"]
[SourceQuality "1"]

1. e4 d5 2. exd5 Qxd5 3. Nc3 Qd8 4. Nf3 c6 5. d4 Bf5 6. Be3 e6 7. a3 Nf6 8. Ne5 h6 9. Bd3 Bxd3 10. Qxd3 Nbd7 11. 0-0-0 Qc7 12. f4 Bd6 13. h3 Be7 14. g4 Nxe5 15. fxe5 Nd5 16. Nxd5 cxd5 17. Qb5+ Qd7 18. Qxd7+ Kxd7 19. Rdf1 Rhf8 20. h4 f6 21. exf6 Bxf6 22. g5 hxg5 23. hxg5 Be7 24. Rxf8 Rxf8 25. Rh7 Rf1+ 26. Kd2 Bf8 27. Ke2 Rf5 28. b3 b6 29. a4 Kc6 30. Kd3 1/2-1/2

[Event "Barcelona Sant Marti op-B 16th"]
[Site "Barcelona"]
[Date "2014.07.17"]
[Round "5"]
[White "Pico Garcia, Antoni"]
[Black "Cassi Gimeno, Jordi"]
[Result "1-0"]
[WhiteElo "1792"]
[BlackElo "1700"]
[PlyCount "91"]
[EventDate "2014.07.13"]
[EventType "swiss"]
[EventRounds "9"]
[EventCountry "ESP"]
[SourceTitle "CBM 161 Extra"]
[Source "ChessBase"]
[SourceDate "2014.08.29"]
[SourceVersion "1"]
[SourceVersionDate "2014.08.29"]
[SourceQuality "1"]

1. e4 e5 2. Nf3 Nc6 3. Bc4 Bc5 4. b4 d5 5. bxc5 dxc4 6. c3 Bg4 7. 0-0 Nf6 8. Re1 0-0 9. Na3 Qd3 10. Re3 Qd7 11. Nxc4 Rfd8 12. Qc2 Bxf3 13. Rxf3 Qg4 14. d3 h5 15. Rg3 Qe6 16. Bg5 Rd7 17. Re1 Kf8 18. Qe2 g6 19. Qf3 Nh7 20. Bh6+ Kg8 21. Qxh5 Qf6 22. Qh3 Re7 23. Ne3 Qh8 24. Nf5 Nf8 25. Nxe7+ Nxe7 26. Bg5 Qxh3 27. Rxh3 Nc6 28. Bf6 Nh7 29. Rf3 Nxf6 30. Rxf6 Rd8 31. Re3 Rd7 32. Ref3 Kf8 33. Rxg6 Ke7 34. Rgf6 Nd8 35. h4 Kf8 36. Rg3 Ne6 37. h5 Ke7 38. Rf5 f6 39. h6 Kf8 40. Rxf6+ Ke7 41. h7 Rd8 42. Rg8 Rxg8 43. hxg8Q Kxf6 44. Qh8+ Ng7 45. Qd8+ Kg6 46. Qxc7 1-0